00419nam a2200145Ia 4500008004100000041000900041082001700050100001800067245003100085260003000116300000800146650000800154999001700162952009400179230718s9999 xx 000 0 und d aEng. a340.1bPOU-I aPound, Roscoe 0aIntroduction of Philosophy aPakistanbNew Dehlic2012 a201 aLaw c31366d31366 00104070aSIRC-LbSIRC-Ld2023-07-18l0o340.1 POU-Ip26317r2023-07-18w2023-07-18yBK